000 01734nam a2200325Ia 4500
999 _c53624
_d53624
001 20671
003 GE_BSU
005 20210301230415.0
008 181216s2014||||ge |||||||||||||| ||geo||
020 _a978-9941-0-6663-4
040 _cGE_BSU
041 _ageo
080 _a27-528 შ-77
100 _aშმემანი, ალექსანდრე
_97885
245 _aევქარისტია :
_b სასუფევლის საიდუმლო /
_c ალექსანდრე შმემანი ; მთარგმნ. : ოთარ ზოიძე და ფრიდონ საყვარელიძე ; რედ. დალი ნადიბაიძე.
250 _aI-ლი გამოცემა
264 _aთბილისი :
_bშპს "ფავორიტი სტილი,
_c2014.
300 _a272 გვ. ;
_c 22 სმ.
500 _aწინათქმა პროტოპრესვიტერი იოანე მეიენდორფი
500 _aშენიშვნები : გვ. 257-258
504 _a ბიბლიოგრ. ტექსტების შენიშვნებში და გვ. 256
653 _aევქარისტია
653 _aსასუფევლის საიდუმლო
653 _aრელიგია
653 _aქრისტიანობა
700 _aზოიძე, ოთარ
_eმთარგმნელი
_910286
700 _aსაყვარელიძე, ფრიდონ
_eმთარგმნელი
_910287
700 _aნადიბაიძე, დალი
_eრედაქტორი
_910288
942 _cBK
_2udc